| 000 -LEADER |
| fixed length control field |
00688cam a22002051 4500 |
| 005 - DATE AND TIME OF LATEST TRANSACTION |
| control field |
20131011044617.0 |
| 008 - FIXED-LENGTH DATA ELEMENTS--GENERAL INFORMATION |
| fixed length control field |
830809s1972 xx 000 0 ger |
| 020 ## - INTERNATIONAL STANDARD BOOK NUMBER |
| International Standard Book Number |
3540056548 |
| 041 1# - LANGUAGE CODE |
| Language code of text/sound track or separate title |
ger |
| 080 ## - UNIVERSAL DECIMAL CLASSIFICATION NUMBER |
| Universal Decimal Classification number |
164 |
| 100 1# - Rafti |
| Rafti |
Kreisel, Georg. |
| 245 10 - TITLE STATEMENT |
| Title |
Modelltheorie ; |
| Statement of responsibility, etc |
[von] G. Kreisel [und] J.-L. Krivine. Aus dem Französischen übers von J. Jung. |
| 260 ## - |
| -- |
Berlin, |
| -- |
Springer, |
| -- |
1972. |
| 300 ## - |
| -- |
vii, 274 p. |
| -- |
26 cm. |
| 440 #0 - |
| -- |
Hochschultext |
| 500 ## - |
| -- |
Vorwort f. : [II] - [III] |
| 650 #0 - |
| -- |
Modelet matematike |
| 700 1# - |
| -- |
Krivine, J. L. |
| -- |
(Jean Louis) |
| -- |
joint author. |
| 942 ## - ADDED ENTRY ELEMENTS (KOHA) |
| Source of classification or shelving scheme |
|
| Item type |
Books |